00482nam a22001697i 45000010005000000030004000050050017000090070003000260080041000290240014000700400008000840840032000921000022001242450091001462600055002373000020002922483OSt20170126082306.0tu161220s1985 xxu||||| |||| 00| 0 d7 a24822RID cOSt a11.71a2.33a11.20a3.612z1 aSchrettl, Wolfram00aWirtschaftliche Probleme in Ost und West: Parallelität der Phänomene und Ursachen aMünchen :bOsteuropa-Institut, München,c1985. a175 S. ;c30cm.